Các bệnh truyền nhiễm thường gặp ở lợn và biện pháp phòng trị
Trình bày lịch sử nghiên cứu bệnh lợn ở Việt Nam; bệnh truyền nhiễm ở lợn; bệnh truyền nhiễm do vi khuẩn....
Đã lưu trong:
| Tác giả chính: | |
|---|---|
| Định dạng: | Sách |
| Năm xuất bản: |
H.
Nông nghiệp
2006
|
| Chủ đề: | |
| Tags: |
Thêm thẻ
Không có thẻ, Hãy là người đầu tiên gắn thẻ bản ghi này!
|
| LEADER | 02244nam a2200289 4500 | ||
|---|---|---|---|
| 999 | |c 6346 |d 6346 | ||
| 082 | |a 636.089 |b C101b | ||
| 100 | |a Phạm Sỹ Lăng | ||
| 245 | |a Các bệnh truyền nhiễm thường gặp ở lợn và biện pháp phòng trị |c Phạm Sỹ Lăng, Trương Văn Dung, Hoàng Văn Năm, | ||
| 260 | |a H. |b Nông nghiệp |c 2006 | ||
| 300 | |a 259 tr. |c 21 cm | ||
| 520 | |a Trình bày lịch sử nghiên cứu bệnh lợn ở Việt Nam; bệnh truyền nhiễm ở lợn; bệnh truyền nhiễm do vi khuẩn.... | ||
| 653 | |a Lợn | ||
| 653 | |a Bệnh và phòng trị bệnh | ||
| 653 | |a biện pháp | ||
| 653 | |a phòng trị | ||
| 942 | |2 ddc |c STK0 | ||
| 952 | |0 0 |1 0 |2 ddc |4 0 |6 636_089000000000000_C101B |7 0 |8 600 |9 58788 |a qbu |b qbu |c D3 |d 2015-01-16 |g 21000 |o 636.089 C101b |p 6130.c1 |r 0000-00-00 |w 2015-01-16 |y STK0 | ||
| 952 | |0 0 |1 0 |2 ddc |4 0 |6 636_089000000000000_C101B |7 0 |8 600 |9 58789 |a qbu |b qbu |c D3 |d 2015-01-16 |g 21000 |o 636.089 C101b |p 6130.c2 |r 0000-00-00 |w 2015-01-16 |y STK0 | ||
| 952 | |0 0 |1 0 |2 ddc |4 0 |6 636_089000000000000_C101B |7 0 |8 600 |9 58790 |a qbu |b qbu |c D3 |d 2015-01-16 |g 21000 |o 636.089 C101b |p 6130.c3 |r 0000-00-00 |w 2015-01-16 |y STK0 | ||
| 952 | |0 0 |1 0 |2 ddc |4 0 |6 636_089000000000000_C101B |7 0 |8 600 |9 58791 |a qbu |b qbu |c D3 |d 2015-01-16 |g 21000 |o 636.089 C101b |p 6130.c4 |r 0000-00-00 |w 2015-01-16 |y STK0 | ||
| 952 | |0 0 |1 0 |2 ddc |4 0 |6 636_089000000000000_C101B |7 0 |8 600 |9 58792 |a qbu |b qbu |c D3 |d 2015-01-16 |g 21000 |o 636.089 C101b |p 6130.c5 |r 0000-00-00 |w 2015-01-16 |y STK0 | ||
| 952 | |0 0 |1 0 |2 ddc |4 0 |6 636_089000000000000_C101B |7 0 |8 600 |9 58793 |a qbu |b qbu |c D3 |d 2015-01-16 |g 21000 |o 636.089 C101b |p 6130.c6 |r 0000-00-00 |w 2015-01-16 |y STK0 | ||
| 952 | |0 0 |1 0 |2 ddc |4 0 |6 636_089000000000000_C101B |7 0 |8 600 |9 58794 |a qbu |b qbu |c D3 |d 2015-01-16 |g 21000 |o 636.089 C101b |p 6130.c7 |r 0000-00-00 |w 2015-01-16 |y STK0 | ||
| 952 | |0 0 |1 0 |2 ddc |4 0 |6 636_089000000000000_C101B |7 0 |8 600 |9 58795 |a qbu |b qbu |c D3 |d 2015-01-16 |g 21000 |o 636.089 C101b |p 6130.c8 |r 0000-00-00 |w 2015-01-16 |y STK0 | ||
| 952 | |0 0 |1 0 |2 ddc |4 0 |6 636_089000000000000_C101B |7 0 |8 600 |9 58796 |a qbu |b qbu |c D3 |d 2015-01-16 |g 21000 |o 636.089 C101b |p 6130.c9 |r 0000-00-00 |w 2015-01-16 |y STK0 | ||
| 952 | |0 0 |1 0 |2 ddc |4 0 |6 636_089000000000000_C101B |7 0 |8 600 |9 58797 |a qbu |b qbu |c D3 |d 2015-01-16 |g 21000 |o 636.089 C101b |p 6130.c10 |r 0000-00-00 |w 2015-01-16 |y STK0 | ||